000 01206nab a22002177a 4500
999 _c5868
_d5868
003 OSt
005 20260109003501.0
008 190514b xxu||||| |||| 00| 0 spa d
040 _cPJ
245 1 0 _aMujeres gestantes en conflicto con el proyecto maternal /
_b¿una real encrucijada entre perspectiva de género e interés superior del niño o niña? /
_cAyelén Zuccarini.
300 _ap. 60-68
505 _aSumario: I. Introducción.— II. Plataforma fáctica.— III. La familia: ¿a pesar de todo?— IV. Texto y contexto de las decisiones de las mujeres contrarias al proyecto materno.— V. Breves palabras de cierre.
505 _tFallo comentado: JFlia. Nro. 1, Trenque Lauquen, 25/11/2024. - C., F. A. s/ medidas precautorias (art. 232 del CPCC).
505 _tSi te interesa el texto, comunicate a koha@justierradelfuego.gov.ar
650 0 _9967
_aDERECHO DE FAMILIA
650 0 _94044
_aPERSPECTIVA DE GÉNERO
650 0 _94097
_aINTERES SUPERIOR DEL NIÑO
650 0 _91057
_aJURISPRUDENCIA APLICABLE
773 0 _02844
_93222
_dBuenos Aires : AbeledoPerrot, 1989-
_tDerecho de familia. Revista Interdisciplinaria de doctrina y jurisprudencia. Agosto 2025-IV
_z18511201
942 _2udc
_cANA